000 00560cam a22001697a 4500
008 180718b1999 xxu||||| |||| 00| 0 eng d
020 _a818595268X
082 _aB131x5432 K139
100 _aKanwar, Pamela
245 _aEssays on urban patterns in nineteenth century Himachal Pradesh
_cby Pamela Kanwar
260 _aShimla
_bIndian Institute of Advanced Study
_c1999
300 _a137p.
650 _aSocial policy - Himachal Pradesh
650 _aUrban policy - Himachal Pradesh
650 _aUrban economics
650 _aUrbanization - Himachal Pradesh
999 _c391925
_d391925